Partnership law in Uganda / (Record no. 597)

MARC details
000 -LEADER
fixed length control field 00850nam a2200277 a 4500
001 - CONTROL NUMBER
control field 3558425
003 - CONTROL NUMBER IDENTIFIER
control field OSt
005 - DATE AND TIME OF LATEST TRANSACTION
control field 20150706114045.0
008 - FIXED-LENGTH DATA ELEMENTS--GENERAL INFORMATION
fixed length control field 970605s1992 nr b 001 0 eng
010 ## - LIBRARY OF CONGRESS CONTROL NUMBER
LC control number 97980546
020 ## - INTERNATIONAL STANDARD BOOK NUMBER
International Standard Book Number 9781360887
040 ## - CATALOGING SOURCE
Original cataloging agency DLC
Transcribing agency DLC
042 ## - AUTHENTICATION CODE
Authentication code lcode
043 ## - GEOGRAPHIC AREA CODE
Geographic area code f-ug---
050 00 - LIBRARY OF CONGRESS CALL NUMBER
Classification number KTW97.8
Item number .B35 1992
082 00 - DEWEY DECIMAL CLASSIFICATION NUMBER
Classification number 346.0682 BAK
Edition number 21
100 1# - MAIN ENTRY--PERSONAL NAME
Personal name Bakibinga, D. J.
9 (RLIN) 483
245 10 - TITLE STATEMENT
Title Partnership law in Uganda /
Statement of responsibility, etc by David J. Bakibinga.
260 ## - PUBLICATION, DISTRIBUTION, ETC. (IMPRINT)
Place of publication, distribution, etc Ile-Ife, Nigeria :
Name of publisher, distributor, etc Obafemi Awolowo University Press,
Date of publication, distribution, etc 1992.
300 ## - PHYSICAL DESCRIPTION
Extent xxxvi, 147 p. ;
Dimensions 29 cm.
504 ## - BIBLIOGRAPHY, ETC. NOTE
Bibliography, etc Includes bibliographical references and index.
650 #0 - SUBJECT ADDED ENTRY--TOPICAL TERM
Topical term or geographic name as entry element Partnership
Geographic subdivision Uganda.
9 (RLIN) 1731
906 ## - LOCAL DATA ELEMENT F, LDF (RLIN)
a 7
b cbc
c origode
d 2
e ncip
f 19
g y-gencatlg
942 ## - ADDED ENTRY ELEMENTS (KOHA)
Source of classification or shelving scheme Dewey Decimal Classification
Koha item type Books
Holdings
Withdrawn status Lost status Source of classification or shelving scheme Damaged status Not for loan Home library Current library Shelving location Date acquired Total Checkouts Full call number Barcode Date last seen Price effective from Koha item type
    Dewey Decimal Classification     Law Development Centre Main Library Law Development Centre Main Library Text Books and Laws 04/26/2011   346.0682 BAK 2011/2423 04/26/2011 04/26/2011 Books